000 00583nam a2200229Ia 4500
003 OSt
005 20220918172352.0
006 a|||||r|||| 00| 0
007 ta
008 220917b |||||||| |||| 00| 0 eng d
024 _a372
037 _cTextual
040 _aARTS
_cARTS
_beng
041 _2eng
_aeng
082 _aO:4L75x, J4
100 _aHutchinson Sara
_941351
245 0 _aLetters 1800 to 1835 ed by Katheen Coburn
260 _c1954
650 _aENGLISH LITERATURE
942 _hO:4L75x, J4
_cTEXL
_2CC
999 _c143605
_d143605